|
|
|
|
| LEADER |
00000cam a2200000 i 4500 |
| 001 |
1/100627 |
| 008 |
090204s2005 gr | ||| |||| ||gre|| |
| 020 |
|
|
|a 9603825972
|
| 035 |
|
|
|l 10102928
|
| 040 |
|
|
|a GR-MyUa
|b gre
|e AACR2
|
| 041 |
0 |
|
|a gre
|
| 082 |
7 |
|
|a 927
|2 (22)
|
| 100 |
1 |
|
|a Τσιλιμίδης, Μάνος,
|d 1958-
|
| 245 |
1 |
0 |
|a Μάρκος Βαμβακάρης :
|b ο άγιος μάγκας : ο Στέλιος Βαμβακάρης για τον πατέρα του /
|c Μάνος Τσιλιμίδης.
|
| 250 |
|
|
|a 2η έκδ.
|
| 260 |
|
|
|a Αθήνα :
|b Κάκτος,
|c 2005.
|
| 300 |
|
|
|a 243 σ. ;
|c 21 εκ.
|
| 600 |
1 |
7 |
|2 nlgaf
|a Βαμβακάρης, Στέλιος.
|
| 600 |
1 |
7 |
|2 nlgaf
|a Βαμβακάρης, Μάρκος,
|d 1905-1972.
|
| 650 |
|
0 |
|a Musicians
|z Greece
|x Biography.
|
| 852 |
|
|
|a INST
|b SYROS
|c KYK
|e 20090204
|h 927 ΤΣΙ
|p 005500008716
|q 005500008716
|t BK
|y 0
|
| 901 |
|
|
|a BIBL5-2009-1
|
| 922 |
|
|
|a 5ΕΛΗ
|b 200710
|c Βιβλιοθήκη Σύρου
|d Σταθόπουλος
|
| 970 |
|
|
|a Κοντού
|b Παρασκευή
|z 04/02/2009
|